KOHA-Header-6

A Historical Survey of Theory on the Consumer Interest (Record no. 9834)

000 -LEADER
fixed length control field 00286nam a2200109Ia 4500
100 ## - MAIN ENTRY--AUTHOR NAME
Personal name Dr.Abdul Wahab
245 #2 - TITLE STATEMENT
Title A Historical Survey of Theory on the Consumer Interest
260 ## - PUBLICATION, DISTRIBUTION, ETC. (IMPRINT)
Place of publication Karachi
Name of publisher IBA
Year of publication 2006
300 ## - PHYSICAL DESCRIPTION
Number of Pages 400
942 ## - ADDED ENTRY ELEMENTS (KOHA)
Koha item type Books
Holdings
Withdrawn status Lost status Collection code Permanent Location Current Location Shelving location Date acquired Full call number Accession Number Koha item type
    Marketing MAJU MAJU   2019-09-14 500.5 5830 Marketing

Powered by Koha